000 01227nam a2200349 i 4500
999 _c8008
_d8008
001 991054838829706706
003 OSt
005 20241219182625.0
008 200313e202003 spca||| |||| 0|1 0 cat|c
015 _aLL2020
_2bnc
017 _aDL B 542-2020
_bBiblioteca de Catalunya
020 _a9788417909345
035 _a(ES-BaCBU).b73914356
035 _a(OCoLC)1224063153
040 _aES-BaBC
_bcat
_erda
_cCDMR
043 _ae-sp---
_be-spc--
_2catmarc
080 _a323.17
_x(460.23)
_x"20"
_22004
080 _a070
_x(460.23)
_x"19/20"
_22004
080 _a070
_x(460)
_x"19/20"
_22004
080 _a327
_x(460.23:460)
_22004
080 _a32
_x(460.23)
_x"20"
_22004
100 1 _aBassas, Antoni
_9771
245 1 3 _aLa Nació en portada :
_bel debat de Catalunya i Espanya a la premsa /
_cAntoni Bassas
264 1 _a[Barcelona] :
_bRosa dels Vents,
_c2020
300 _a133 pàgines :
_bil·lustracions (algunes en color) ;
_c23 cm
650 7 _aIndependència
_zCatalunya
_xHistòria
_yS. XXI.
_2lemac
650 7 _aPremsa
_zCatalunya
_zHistòria
_yS. XXI.
_2lemac
907 _a.b73914356
_b21-06-21
_c13-03-20
_d13-03-20
_em
_fa
_g-
_hcat
_ispc
_j0
_k0
908 _aBC
_aUB
_aUAB
_aBAB
_aCLR
_aURV
940 _aBC
942 _2udc
_cMON